[Event "Innsbruck op-B 3rd"]
[Site "Innsbruck"]
[Date "2019.08.25"]
[Round "1"]
[White "Spierings, Benjamin"]
[Black "Delmarko, Dietmar"]
[Result "1-0"]
[WhiteElo "1459"]
[BlackElo "1730"]
[PlyCount "107"]
[EventDate "2019.08.25"]
[EventType "swiss"]
[EventRounds "9"]
[EventCountry "AUT"]
[SourceTitle "EXT 2020"]
[Source "ChessBase"]
[SourceDate "2019.10.17"]
[SourceVersion "1"]
[SourceVersionDate "2019.10.17"]
[SourceQuality "1"]

1. e4 e5 2. Bc4 Nf6 3. d4 Nc6 4. Nf3 d6 5. dxe5 dxe5 6. Qxd8+ Nxd8 7. Nxe5 Be6 8. Bd3 Bd6 9. Nf3 Nc6 10. Nc3 a6 11. 0-0 0-0 12. Re1 Ne5 13. Nxe5 Bxe5 14. Bd2 c6 15. h3 Rad8 16. f4 Bd4+ 17. Be3 Rfe8 18. e5 Bxe3+ 19. Rxe3 Nd5 20. Nxd5 Bxd5 21. Rae1 g6 22. f5 c5 23. c4 Bc6 24. e6 fxe6 25. fxg6 hxg6 26. Bxg6 Re7 27. Rxe6 Rxe6 28. Rxe6 Rd1+ 29. Kf2 Rd2+ 30. Re2 Rxe2+ 31. Kxe2 Bxg2 32. h4 Kg7 33. h5 Kf6 34. Ke3 b6 35. Kf4 Bf1 36. b3 b5 37. cxb5 axb5 38. Be8 b4 39. Ke3 c4 40. Kd4 cxb3 41. axb3 Be2 42. h6 Bd1 43. Kc4 Bc2 44. Kxb4 Kg5 45. Kc3 Bh7 46. b4 Kxh6 47. b5 Bf5 48. Kd4 Kg7 49. b6 Bc8 50. Bd7 Bb7 51. Ke5 Kf7 52. Kd6 Ba6 53. Kc7 Ke7 54. Bc8 1-0